Ethnic groups in Mali - Statistics

General Stats
  • This quiz has been taken 17 times
  • The average score is 5 of 13
Answer Stats
Family Population Ethnicity % Correct
Niger-Congo (Senegambian) 2.84 million Fulani
79%
Afroasiatic (Semitic) 40 k Arab
71%
Afroasiatic (Berber) 705 k Tuareg
71%
Niger-Congo (Mande) 7.04 million Bambara
57%
Niger-Congo (Mande) 2.25 million Soninke
57%
Niger-Congo (Dogon) 1.75 million Dogon
50%
Niger-Congo (Mande) 2.63 million Malinke
50%
Nilo-Saharan (Songhay) 1.98 million Songhai
43%
Niger-Congo (Mande) 220 k Bobo
14%
Niger-Congo (Atlantic-Congo) 2 million Senufo
14%
Niger-Congo (Atlantic-Congo) 125 k Bwa
7%
Nilo-Saharan (Songhay)Indo-European (Romance) 20 k Arma
0%
Niger-Congo (Mande) 143 k Bozo
0%
No matching quizzes found
Score Distribution
Percent of People with Each Score
Percentile by Number Answered
Your Score History
You have not taken this quiz